|
|
|
|
| LEADER |
00905nab a2200193 i 4500 |
| 001 |
misc6953 |
| 005 |
20191106144326.0 |
| 008 |
170607s1894 hu o 0|| hun d |
| 022 |
|
|
|a 0025-0260
|
| 040 |
|
|
|a SZTE Miscellanea Repozitórium
|b hun
|
| 041 |
|
|
|a hun
|
| 100 |
1 |
|
|a Waldapfel János
|
| 245 |
1 |
0 |
|a Paedagogiai értekezések az 1892/3. évi gymnasiumi és reáliskolai értesítőkben. 19.
|h [elektronikus dokumentum] :
|b Mihelics Károly: A német nyelv középiskoláinkban és ennek tanítása főleg a III. és IV. osztályban [könyvismertetés] /
|c Waldapfel János
|
| 260 |
|
|
|c 1894
|
| 300 |
|
|
|a 276-277
|
| 490 |
0 |
|
|a Magyar pedagógia : a Magyar Tudományos Akadémia Pedagógiai Bizottságának folyóirata
|v 3
|
| 695 |
|
|
|a Német nyelv tanítása módszer 1894, Nyelvtanítás
|
| 700 |
0 |
1 |
|a Mihelics Károly
|
| 856 |
4 |
0 |
|u http://misc.bibl.u-szeged.hu/6953/1/mp_1894_0191_276-277.pdf
|z Dokumentum-elérés
|